|
|
|
|
| LEADER |
01106nam a22002537a 4500 |
| 001 |
36186 |
| 003 |
BD-DhAAL |
| 005 |
20211206112542.0 |
| 008 |
200113t2001 bg ||||| |||| 001 0 eng d |
| 999 |
|
|
|c 42140
|d 42140
|
| 040 |
|
|
|a BD-DhAAL
|
| 041 |
|
|
|a eng
|a ben
|
| 082 |
|
|
|a 372.6
|
| 245 |
|
|
|a A handbook on english teaching at primary level (for teachers) /
|c Ideal Project, Directorate of Primary Education, Supported by UNICEF
|
| 260 |
|
|
|a Dhaka :
|b Ideal Project, Directorate of Primary Education, Supported by UNICEF
|c 2001
|
| 300 |
|
|
|a 64 pages ;
|c 24 cm
|
| 500 |
|
|
|a Includes index.
|
| 526 |
|
|
|a BIED
|
| 541 |
|
|
|a Complimentary copy from BIED
|e 36186
|
| 650 |
|
|
|a English language
|x Study and teaching (Primary).
|9 38908
|
| 710 |
|
|
|a UNICEF
|b Directorate of Primary Education
|b Ideal Project
|9 38909
|
| 852 |
|
|
|a Ayesha Abed Library
|c BIED Collection
|
| 942 |
|
|
|2 ddc
|c BK
|
| 952 |
|
|
|0 0
|1 0
|2 ddc
|4 0
|6 372_600000000000000_HAN
|7 0
|9 67704
|a BRACUL
|b BRACUL
|c GEN
|d 2020-01-13
|e Complimentary copy from BIED
|l 1
|m 29
|o 372.6 HAN
|p 3010036186
|r 2020-11-03
|s 2020-02-03
|t 1
|w 2020-01-13
|y BK
|x Transferred from BIED to General Stacks
|